000 01096nam0a2200313 4500
001 RU\NLR\BIBL_A\011103043
005 20260406062840.0
010 _a978-5-17-071414-8
_92000
021 _aRU
_b2016-24058
_91528
035 _a(NILC)RuMoRGB-007851313
035 _a(NLR Aleph) 011103043
090 _a11430820
_c11430820
100 _a20160415d2015 |||y0rusy50 ca
101 1 _arus
_cfre
102 _aRU
105 _aa|||z|||000ay
200 1 _aЧеловек, который смеется
_e[роман]
_fВиктор Гюго
_g[пер. с фр. Б. Лившица]
210 _aМосква
_cАСТ
_d2015
_d(макет ) 2016
215 _a637, [1] с.
_cил.
_d20
225 1 _aСерия "Зарубежная классика"
333 _a12+
686 1 _aШ6(4Фр)57-440.4{Лх1646-50}
700 1 _8rus
_7ca
_aГюго
_bВ.
_f1802-1885
_gВиктор
_3RU\NLR\AUTH\7721605
_94666
801 0 _aRU
_bRuMoRKP
_c20121015
_gRCR
801 2 _aRU
_bРГБ
_c20160331
_grcr
942 _cBOOK
980 _aNB